[Event "URU-ch sf2"]
[Site "Colonia del Sacramento"]
[Date "2023.02.20"]
[Round "7"]
[White "Moreno, Diego"]
[Black "Garcia Martinez, Alvaro"]
[Result "0-1"]
[WhiteElo "1829"]
[BlackElo "2036"]
[PlyCount "70"]
[EventDate "2023.02.17"]
[EventType "swiss"]
[EventRounds "7"]
[EventCountry "URU"]
[SourceTitle "CBM 213 Extra"]
[Source "ChessBase"]
[SourceDate "2023.05.31"]
[SourceVersion "1"]
[SourceVersionDate "2023.05.31"]
[SourceQuality "1"]

1. e4 d5 2. exd5 Qxd5 3. Nc3 Qa5 4. b4 Qxb4 5. Nb5 Qa5 6. Bc4 Nf6 7. Nf3 a6 8. Nc3 e6 9. 0-0 b5 10. Be2 Bb7 11. Bb2 Ba3 12. Qc1 Bxb2 13. Qxb2 Nbd7 14. Rfb1 c5 15. a4 b4 16. Nd1 Qc7 17. a5 Rb8 18. Ne3 0-0 19. d4 Ne4 20. dxc5 Nc3 21. Re1 Nxe2+ 22. Rxe2 Bxf3 23. gxf3 Ne5 24. Kg2 Ng6 25. Rg1 f6 26. Kf1 Nf4 27. Rd2 Qxc5 28. Qd4 Qxd4 29. Rxd4 e5 30. Rd6 b3 31. cxb3 Rxb3 32. Ke1 Rb1+ 33. Rd1 Rfb8 34. Kd2 R1b2+ 35. Kc1 Ne2# 0-1

[Event "Montevideo Duchamp Cup 6th"]
[Site "Montevideo"]
[Date "2023.02.08"]
[Round "6"]
[White "Curi, Gabriel"]
[Black "Moreno, Diego"]
[Result "1-0"]
[WhiteElo "2156"]
[BlackElo "1829"]
[PlyCount "53"]
[EventDate "2023.02.03"]
[EventType "swiss"]
[EventRounds "9"]
[EventCountry "URU"]
[SourceTitle "CBM 212 Extra"]
[Source "ChessBase"]
[SourceDate "2023.03.31"]
[SourceVersion "1"]
[SourceVersionDate "2023.03.31"]
[SourceQuality "1"]

1. d4 Nf6 2. c4 g6 3. Nc3 Bg7 4. e4 d6 5. f3 0-0 6. Be3 c5 7. Nge2 Nbd7 8. Qd2 cxd4 9. Nxd4 Ne5 10. Be2 Be6 11. b3 a6 12. 0-0 Rc8 13. Rfd1 Qc7 14. Rac1 Bd7 15. h3 Rfd8 16. Nd5 Nxd5 17. cxd5 Qb8 18. f4 f5 19. fxe5 dxe5 20. Nf3 f4 21. Bb6 Rf8 22. Rxc8 Rxc8 23. Rc1 Qd6 24. Rxc8+ Bxc8 25. Qa5 g5 26. Qc5 Bd7 27. Qxd6 1-0

[Event "Montevideo Trebejos 50 Anniv op"]
[Site "Montevideo"]
[Date "2022.09.21"]
[Round "5"]
[White "Benitez, Andres"]
[Black "Moreno, Diego"]
[Result "1-0"]
[WhiteElo "1974"]
[BlackElo "1728"]
[PlyCount "99"]
[EventDate "2022.09.17"]
[EventType "swiss"]
[EventRounds "9"]
[EventCountry "URU"]
[SourceTitle "EXT 2023"]
[Source "ChessBase"]
[SourceDate "2022.10.05"]
[SourceVersion "1"]
[SourceVersionDate "2022.10.05"]
[SourceQuality "1"]

1. e4 c5 2. Nf3 d6 3. d4 cxd4 4. Nxd4 Nf6 5. Nc3 g6 6. Be3 Bg7 7. f3 0-0 8. Qd2 Nc6 9. 0-0-0 d5 10. exd5 Nxd5 11. Nxc6 bxc6 12. Bd4 Nxc3 13. Qxc3 Bxd4 14. Rxd4 Qb6 15. Bc4 Ba6 16. Rhd1 Bxc4 17. Qxc4 e5 18. Rd6 Rac8 19. a3 Rfd8 20. Qd3 Rxd6 21. Qxd6 Qc7 22. Qd7 Kg7 23. h4 h6 24. Qd3 Qe7 25. Qd7 Rc7 26. Qg4 Qf6 27. Re1 Qf4+ 28. Qxf4 exf4 29. Re4 g5 30. hxg5 hxg5 31. Rc4 f5 32. b4 a6 33. a4 Kf6 34. Rc5 g4 35. b5 axb5 36. axb5 Ke6 37. Rxc6+ Rxc6 38. bxc6 Kd6 39. c7 Kxc7 40. Kd2 Kd6 41. Kd3 gxf3 42. gxf3 Kd5 43. c3 Kc5 44. c4 Kc6 45. Kd4 Kd6 46. c5+ Kc6 47. Kc4 Kc7 48. Kd5 Kd7 49. Ke5 Kc6 50. Kxf4 1-0

[Event "Montevideo Miercoles Trebejos 2nd"]
[Site "Montevideo"]
[Date "2022.08.17"]
[Round "5"]
[White "Moreno, Diego"]
[Black "Lopez Falcon, Jorge"]
[Result "1-0"]
[WhiteElo "1761"]
[BlackElo "2085"]
[PlyCount "99"]
[EventDate "2022.07.20"]
[EventType "swiss"]
[EventRounds "6"]
[EventCountry "URU"]
[SourceTitle "EXT 2024"]
[Source "ChessBase"]
[SourceDate "2023.10.10"]
[SourceVersion "1"]
[SourceVersionDate "2023.10.10"]
[SourceQuality "1"]

1. e4 c5 2. c3 d5 3. exd5 Qxd5 4. d4 g6 5. dxc5 Qxc5 6. Be3 Qc7 7. Bxa7 Nc6 8. Be3 Nf6 9. Be2 Bg7 10. Na3 0-0 11. Nb5 Qb8 12. Nf3 Rd8 13. Qc2 Bf5 14. Qc1 Nd5 15. 0-0 Nxe3 16. Qxe3 Be6 17. a3 Bd5 18. Nfd4 e5 19. Nc2 f5 20. Nb4 Bf7 21. Rad1 Bb3 22. Rxd8+ Qxd8 23. c4 Na5 24. Qc5 Rc8 25. Qd5+ Qxd5 26. cxd5 Bf8 27. Nc3 Nc4 28. Rb1 Kf7 29. Bxc4 Bxc4 30. Na4 Bxb4 31. Nb6 Bd3 32. Nxc8 Bxb1 33. axb4 Ba2 34. Nd6+ Ke7 35. Nxb7 Bxd5 36. Nc5 Kd6 37. f3 Kc6 38. Kf2 Kb5 39. Nd7 Kxb4 40. Nf6 Bc4 41. Nxh7 Kb3 42. Nf8 Bf7 43. Nd7 Kxb2 44. Nxe5 Be8 45. h4 Kc3 46. Ke3 Kc2 47. Kf4 Kd2 48. Kg5 Ke3 49. Nxg6 Kf2 50. Nf4 1-0

[Event "URU-ch U20"]
[Site "Montevideo"]
[Date "2022.04.02"]
[Round "3"]
[White "Elena, Eduardo"]
[Black "Moreno, Diego"]
[Result "1-0"]
[WhiteElo "1882"]
[BlackElo "1671"]
[PlyCount "53"]
[EventDate "2022.04.01"]
[EventType "swiss"]
[EventRounds "6"]
[EventCountry "URU"]
[SourceTitle "CBM 207 Extra"]
[Source "ChessBase"]
[SourceDate "2022.05.31"]
[SourceVersion "1"]
[SourceVersionDate "2022.05.31"]
[SourceQuality "1"]

1. e4 e5 2. Nf3 d6 3. d4 exd4 4. Nxd4 Nf6 5. Nc3 Be7 6. h3 0-0 7. Bd3 Nc6 8. Nde2 Ne5 9. 0-0 Nxd3 10. Qxd3 c6 11. Nf4 Nd7 12. Be3 Ne5 13. Qe2 Ng6 14. Rad1 Qa5 15. Nxg6 hxg6 16. f4 Be6 17. Qf3 Bc4 18. Rf2 Qb4 19. a3 Qxb2 20. Bd4 Qxa3 21. f5 c5 22. Bxg7 Kxg7 23. f6+ Bxf6 24. Qxf6+ Kg8 25. Rf4 Be2 26. Nxe2 Qe3+ 27. Kf1 1-0

[Event "URU-ch U20"]
[Site "Montevideo"]
[Date "2022.04.02"]
[Round "4"]
[White "Moreno, Diego"]
[Black "Fabra, Nahiara"]
[Result "0-1"]
[WhiteElo "1671"]
[BlackElo "1594"]
[PlyCount "86"]
[EventDate "2022.04.01"]
[EventType "swiss"]
[EventRounds "6"]
[EventCountry "URU"]
[SourceTitle "CBM 207 Extra"]
[Source "ChessBase"]
[SourceDate "2022.05.31"]
[SourceVersion "1"]
[SourceVersionDate "2022.05.31"]
[SourceQuality "1"]

1. e4 c5 2. Nf3 d6 3. d4 cxd4 4. Nxd4 Nf6 5. Nc3 a6 6. Bg5 e6 7. f4 h6 8. Bh4 Be7 9. Qf3 Qc7 10. 0-0-0 Nbd7 11. g4 b5 12. Bf2 Bb7 13. g5 hxg5 14. fxg5 Ne5 15. Qe2 Nfg4 16. g6 Bg5+ 17. Kb1 Nxf2 18. Qxf2 Nxg6 19. Ndxb5 axb5 20. Nxb5 Qe7 21. Nxd6+ Kf8 22. Bc4 Ne5 23. Bb3 Bf6 24. Qb6 Bc6 25. Qc5 Qa7 26. Qb4 Rb8 27. Qc3 Qc7 28. Rhf1 Rxh2 29. Bxe6 Ng6 30. Rxf6 gxf6 31. Qxf6 Be8 32. Bb3 Rxb3 33. axb3 Qxc2+ 34. Ka2 Qxd1 35. Nf5 Rh7 36. e5 Qd7 37. Kb1 Qe6 38. Qg5 Qxe5 39. Qg4 Bd7 40. Qb4+ Ne7 41. Nh4 Bf5+ 42. Ka2 Rxh4 43. Qb8+ Qxb8 0-1

[Event "Montevideo Trebejos op 03"]
[Site "Montevideo"]
[Date "2022.03.18"]
[Round "4"]
[White "Moreno, Diego"]
[Black "Rodriguez Lazo, Luis A"]
[Result "0-1"]
[WhiteElo "1638"]
[BlackElo "1875"]
[PlyCount "52"]
[EventDate "2022.03.07"]
[EventType "swiss"]
[EventRounds "6"]
[EventCountry "URU"]
[SourceTitle "EXT 2023"]
[Source "ChessBase"]
[SourceDate "2022.10.05"]
[SourceVersion "1"]
[SourceVersionDate "2022.10.05"]
[SourceQuality "1"]

1. e4 e5 2. Nf3 Nf6 3. Nxe5 d6 4. Nf3 Nxe4 5. Nc3 d5 6. Qe2 Be7 7. Nxe4 dxe4 8. Qxe4 0-0 9. Bd3 g6 10. 0-0 Nc6 11. Bb5 Bf5 12. Qa4 Nb4 13. Ne1 a6 14. Be2 Re8 15. c3 Bd6 16. Qd1 Nc2 17. Nxc2 Bxc2 18. Qxc2 Rxe2 19. Qd1 Qh4 20. g3 Qe4 21. d3 Qf3 22. a4 Rae8 23. a5 Bc5 24. d4 Bd6 25. c4 Bb4 26. Ra4 Be1 0-1

[Event "Montevideo Trebejos op 10"]
[Site "Montevideo"]
[Date "2021.10.22"]
[Round "3"]
[White "Vazquez, Facundo"]
[Black "Moreno, Diego"]
[Result "1-0"]
[WhiteElo "2153"]
[BlackElo "1630"]
[PlyCount "59"]
[EventDate "2021.10.15"]
[EventType "swiss"]
[EventRounds "6"]
[EventCountry "URU"]
[SourceTitle "EXT 2023"]
[Source "ChessBase"]
[SourceDate "2022.10.05"]
[SourceVersion "1"]
[SourceVersionDate "2022.10.05"]
[SourceQuality "1"]

1. d4 d5 2. c4 dxc4 3. Nf3 Nf6 4. e3 Bg4 5. Bxc4 e6 6. Nc3 Be7 7. h3 Bh5 8. Qb3 Qc8 9. Ne5 0-0 10. 0-0 c6 11. e4 Nbd7 12. Bxe6 fxe6 13. Qxe6+ Bf7 14. Qxe7 Nxe5 15. Qxe5 Qd7 16. Bg5 Rae8 17. Qf5 Be6 18. Qc5 Bxh3 19. f3 b6 20. Qb4 Kh8 21. Rf2 Nh5 22. gxh3 Qxh3 23. Qd6 Rxf3 24. Rxf3 Qxf3 25. Rf1 Qg4+ 26. Kh2 h6 27. Rg1 Qf3 28. Bh4 Nf4 29. Qd7 Re7 30. Qg4 1-0

[Event "Montevideo Trebejos op 09"]
[Site "Montevideo"]
[Date "2021.09.10"]
[Round "1"]
[White "Moreno, Diego"]
[Black "Guerrero, Alvaro"]
[Result "1/2-1/2"]
[WhiteElo "1600"]
[BlackElo "2116"]
[PlyCount "79"]
[EventDate "2021.09.10"]
[EventType "swiss"]
[EventRounds "5"]
[EventCountry "URU"]
[SourceTitle "CBM 204 Extra"]
[Source "ChessBase"]
[SourceDate "2021.11.30"]
[SourceVersion "1"]
[SourceVersionDate "2021.11.30"]
[SourceQuality "1"]

1. e4 c6 2. d4 d5 3. Nd2 dxe4 4. Nxe4 Bf5 5. Ng3 Bg6 6. Nf3 Nd7 7. Bd3 Bxd3 8. Qxd3 Ngf6 9. Bf4 e6 10. 0-0 Be7 11. c4 0-0 12. Rfe1 h6 13. Rad1 Re8 14. a3 a5 15. a4 Bb4 16. Bd2 Bd6 17. Ne5 Qc7 18. Bc3 Rad8 19. Qe2 c5 20. Nxd7 Nxd7 21. Qg4 Nf6 22. Qf3 cxd4 23. Rxd4 e5 24. Rh4 Re6 25. Nf5 Ne8 26. Ree4 Kh7 27. Reg4 Bf8 28. Ne3 Nf6 29. Rg3 e4 30. Qf5+ g6 31. Qxa5 b6 32. Qb5 Bc5 33. Bxf6 Bxe3 34. Bxd8 Qxd8 35. fxe3 Qd1+ 36. Kf2 Qd2+ 37. Kf1 Qd1+ 38. Kf2 Qd2+ 39. Kf1 Qd1+ 40. Kf2 1/2-1/2

[Event "World Cup U18 Prel"]
[Site "Tornelo INT"]
[Date "2021.08.16"]
[Round "2"]
[White "Marn, Jan"]
[Black "Moreno, Diego"]
[Result "1-0"]
[WhiteElo "2292"]
[BlackElo "1578"]
[PlyCount "57"]
[EventDate "2021.08.16"]
[EventType "swiss (rapid)"]
[EventRounds "10"]
[EventCountry "NET"]
[SourceTitle "CBM 203 Extra"]
[Source "ChessBase"]
[SourceDate "2021.09.30"]
[SourceVersion "1"]
[SourceVersionDate "2021.09.30"]
[SourceQuality "1"]

1. d4 d5 2. c4 dxc4 3. e3 Nf6 4. Bxc4 a6 5. Nf3 Bg4 6. Nc3 e6 7. h3 Bh5 8. g4 Bg6 9. Ne5 Bd6 10. Qf3 Qc8 11. h4 Bb4 12. Nxg6 Bxc3+ 13. bxc3 hxg6 14. Rb1 Nc6 15. g5 Ng8 16. d5 Ne5 17. Qe4 Nxc4 18. Qxc4 Rb8 19. dxe6 fxe6 20. Ba3 Ne7 21. Bxe7 Kxe7 22. Qc5+ Kf7 23. Rh3 Rd8 24. Rf3+ Kg8 25. Qe7 Qd7 26. Rf8+ Kh7 27. Qxd7 Rxd7 28. Rxb8 b6 29. Rd1 1-0